[Event "Grand Chess Tour 2017"]
[Site "Saint Louis"]
[Date "2017.08.17"]
[Round "5B"]
[White "Karjakin,Sergey"]
[Black "Nepomniachtchi,I"]
[Result "1-0"]
[WhiteElo "2773"]
[BlackElo "2751"]
[EventDate "2017.08.13"]

1. Nf3 g6 2. e4 Nf6 3. e5 Nh5 4. d4 d6 5. Bc4 Bg7 6. Ng5 d5 7. Be2 h6 8.
Nf3 c5 9. O-O Nc6 10. c3 O-O 11. h3 f6 12. Nh4 Qe8 13. Nxg6 Qxg6 14. Bxh5
Qh7 15. exf6 Rxf6 16. dxc5 Be6 17. Nd2 Kh8 18. Nf3 Rg8 19. Bg4 Bf7 20. Re1
Rd8 21. Ne5 Nxe5 22. Rxe5 h5 23. Bxh5 Rxf2 24. Rg5 Rf8 25. Be3 Bxh5 26.
Qxh5 Rxb2 27. Qg4 Qe4 28. Qxe4 dxe4 29. Bd4 Bxd4+ 30. cxd4 Rd2 31. d5 e3
32. Re1 e2 33. Re5 Rd1 34. R5xe2 Rxd5 35. Rxe7 Rxc5 36. Rxb7 Rc2 37. Ree7
Rd8 38. Rxa7 Rc1+ 39. Kh2 Rc2 40. Rh7+ Kg8 41. Rag7+ Kf8 42. Rh8+ Kxg7 43.
Rxd8 Rxa2 44. h4 Kg6 45. Rd5 Ra3 46. g3 Rc3 47. Kh3 Rc4 48. Ra5 Rb4 49. h5+
Kf6 50. g4 Rb1 51. Rf5+ Kg7 52. Kh4 Kh6 53. Rf6+ Kg7 54. Ra6 Rb5 55. h6+
Kh7 56. g5 Rb1 57. Ra7+ Kg6 58. Rg7+ Kf5 59. h7 Rh1+ 60. Kg3 Rh5 61. g6 1-0

[Event "Grand Chess Tour 2017"]
[Site "Saint Louis"]
[Date "2017.08.18"]
[Round "11B"]
[White "Kasparov,G"]
[Black "Nepomniachtchi,I"]
[Result "1/2-1/2"]
[WhiteElo "2812"]
[BlackElo "2751"]
[EventDate "2017.08.13"]

1. e4 c5 2. Nf3 d6 3. Bb5+ Nd7 4. d4 cxd4 5. Qxd4 Ngf6 6. Nc3 e5 7. Qd3 h6
8. Be3 a6 9. Bc4 Be7 10. a4 Qc7 11. O-O O-O 12. Nd2 Nb6 13. Bxb6 Qxb6 14.
a5 Qc7 15. Nd5 Nxd5 16. Bxd5 Be6 17. Nc4 Kh8 18. c3 Rad8 19. Rfd1 Bg5 20.
Nb6 Bg4 21. f3 Be6 22. g3 h5 23. h4 Bh6 24. Nc4 Bc8 25. Nb6 Be6 26. Nc4 Bc8
27. Nb6 1/2-1/2